000 00264nam a2200097Ia 4500
001 642451
005 20250826153526.0
008 250824s9999 xx 000 0 und d
245 0 _aBABÜRNAME DEN SEÇMELER ANTİK
_cBABÜR ŞAH
260 _bANTİK DÜNYA KLASİKLERİ
999 _c642451
_d642451